000 01128nam a22003137a 4500
003 CHAP
005 20220329140652.0
008 971013s1962 r 10010 d
010 _a55722
011 _a56694
035 _a60847
040 _cCHAP
082 _a621.489
_bS55 1962
111 0 0 _aSimposio Interamericano sobre la Aplicación de la Energía Nuclear para Fines Pacíficos (
_n4
_d: 1962
_c: México, D. F.)
_9106247
245 _aMemoria
260 _aWashington :
_bPan-American Unión,
_c1962
300 _a2 v.
_b: ilus.
590 _aBATCH-UPD
_b10
_c20130109
_lUCH01
_h2319
590 _aBATCH-UPD
_b10
_c20130110
_lUCH01
_h0354
590 _aBATCH-UPD
_b10
_c20130409
_lUCH01
_h1841
590 _aBATCH-UPD
_b10
_c20130410
_lUCH01
_h0027
590 _aBATCH-UPD
_b10
_c20130914
_lUCH01
_h1306
590 _aCONVERSION
_b10
_c20130109
_lUCH01
_h1330
650 1 4 _aEnergía atómica
_xInvestigación.
_936896
901 _aBK
942 _cLIBRO
949 _a621.489 S55 1962
_bBC
_cLIBRO
_d33724000483426
_eLIBRO
_fv.1
_h18667
_i60847
_si
949 _a621.489 S55 1962
_bBC
_cLIBRO
_d33724000483434
_eLIBRO
_fv.2
_h18668
_i60847
_si
999 _c55722
_d55722